<?xml version="1.0" encoding="UTF-8"?>
<marc:record xmlns:marc="http://www.loc.gov/MARC21/slim" type="Bibliographic">
   <marc:leader>00000nim a2200000uc 4500</marc:leader>
   <marc:controlfield tag="001">1148071504</marc:controlfield>
   <marc:controlfield tag="003">DE-101</marc:controlfield>
   <marc:controlfield tag="005">20171208223437.0</marc:controlfield>
   <marc:controlfield tag="007">s|||||||||||||</marc:controlfield>
   <marc:controlfield tag="007">cr||||||||||||</marc:controlfield>
   <marc:controlfield tag="008">171208s2017    gw |||||o|||||||||||ger  </marc:controlfield>
   <marc:datafield ind1=" " ind2=" " tag="015">
      <marc:subfield code="a">18,O01</marc:subfield>
      <marc:subfield code="2">dnb</marc:subfield>
   </marc:datafield>
   <marc:datafield ind1="7" ind2=" " tag="016">
      <marc:subfield code="2">DE-101</marc:subfield>
      <marc:subfield code="a">1148071504</marc:subfield>
   </marc:datafield>
   <marc:datafield ind1="3" ind2=" " tag="024">
      <marc:subfield code="a">4001504150105</marc:subfield>
   </marc:datafield>
   <marc:datafield ind1="7" ind2=" " tag="024">
      <marc:subfield code="2">urn</marc:subfield>
      <marc:subfield code="a">urn:nbn:de:101:1-201712081860</marc:subfield>
   </marc:datafield>
   <marc:datafield ind1=" " ind2=" " tag="035">
      <marc:subfield code="a">(DE-599)DNB1148071504</marc:subfield>
   </marc:datafield>
   <marc:datafield ind1=" " ind2=" " tag="040">
      <marc:subfield code="a">1140</marc:subfield>
      <marc:subfield code="b">ger</marc:subfield>
      <marc:subfield code="c">DE-101</marc:subfield>
      <marc:subfield code="d">9999</marc:subfield>
   </marc:datafield>
   <marc:datafield ind1=" " ind2=" " tag="041">
      <marc:subfield code="a">ger</marc:subfield>
   </marc:datafield>
   <marc:datafield ind1=" " ind2=" " tag="044">
      <marc:subfield code="c">XA-DE-BE</marc:subfield>
   </marc:datafield>
   <marc:datafield ind1="7" ind2="4" tag="082">
      <marc:subfield code="8">1\p</marc:subfield>
      <marc:subfield code="a">K</marc:subfield>
      <marc:subfield code="q">DE-101</marc:subfield>
      <marc:subfield code="2">23sdnb</marc:subfield>
   </marc:datafield>
   <marc:datafield ind1="1" ind2=" " tag="100">
      <marc:subfield code="0">(DE-588)12039880X</marc:subfield>
      <marc:subfield code="0">http://d-nb.info/gnd/12039880X</marc:subfield>
      <marc:subfield code="0">(DE-101)12039880X</marc:subfield>
      <marc:subfield code="a">Bingenheimer, Gabriele</marc:subfield>
      <marc:subfield code="e">Verfasser</marc:subfield>
      <marc:subfield code="4">aut</marc:subfield>
   </marc:datafield>
   <marc:datafield ind1="0" ind2="0" tag="245">
      <marc:subfield code="a">Disney/Coco (Das Original-Hörspiel zum Kinofilm)</marc:subfield>
      <marc:subfield code="c">Gabriele Bingenheimer</marc:subfield>
   </marc:datafield>
   <marc:datafield ind1=" " ind2=" " tag="250">
      <marc:subfield code="a">gekürzte Ausgabe</marc:subfield>
   </marc:datafield>
   <marc:datafield ind1=" " ind2=" " tag="259">
      <marc:subfield code="a">gea</marc:subfield>
   </marc:datafield>
   <marc:datafield ind1=" " ind2="1" tag="264">
      <marc:subfield code="a">Berlin</marc:subfield>
      <marc:subfield code="b">KIDDINX</marc:subfield>
      <marc:subfield code="c">2017</marc:subfield>
   </marc:datafield>
   <marc:datafield ind1=" " ind2=" " tag="300">
      <marc:subfield code="a">Online-Ressource, 4565 Sek.</marc:subfield>
      <marc:subfield code="b">7 Tracks</marc:subfield>
   </marc:datafield>
   <marc:datafield ind1=" " ind2=" " tag="336">
      <marc:subfield code="a">gesprochenes Wort</marc:subfield>
      <marc:subfield code="b">spw</marc:subfield>
      <marc:subfield code="2">rdacontent</marc:subfield>
   </marc:datafield>
   <marc:datafield ind1=" " ind2=" " tag="337">
      <marc:subfield code="a">Computermedien</marc:subfield>
      <marc:subfield code="b">c</marc:subfield>
      <marc:subfield code="2">rdamedia</marc:subfield>
   </marc:datafield>
   <marc:datafield ind1=" " ind2=" " tag="338">
      <marc:subfield code="a">Online-Ressource</marc:subfield>
      <marc:subfield code="b">cr</marc:subfield>
      <marc:subfield code="2">rdacarrier</marc:subfield>
   </marc:datafield>
   <marc:datafield ind1="0" ind2=" " tag="490">
      <marc:subfield code="a">Disney</marc:subfield>
   </marc:datafield>
   <marc:datafield ind1=" " ind2=" " tag="500">
      <marc:subfield code="a">Lizenzpflichtig</marc:subfield>
   </marc:datafield>
   <marc:datafield ind1="1" ind2=" " tag="583">
      <marc:subfield code="a">Langzeitarchivierung gewährleistet</marc:subfield>
      <marc:subfield code="i">LZA</marc:subfield>
   </marc:datafield>
   <marc:datafield ind1=" " ind2=" " tag="653">
      <marc:subfield code="a">(Produktform)Downloadable audio file</marc:subfield>
   </marc:datafield>
   <marc:datafield ind1=" " ind2=" " tag="653">
      <marc:subfield code="a">(Zielgruppe)ab 6 Jahre</marc:subfield>
   </marc:datafield>
   <marc:datafield ind1=" " ind2=" " tag="653">
      <marc:subfield code="a">(BISAC Subject Heading)JUV001000</marc:subfield>
   </marc:datafield>
   <marc:datafield ind1=" " ind2=" " tag="653">
      <marc:subfield code="a">(Produktform (spezifisch))MP3 format</marc:subfield>
   </marc:datafield>
   <marc:datafield ind1=" " ind2=" " tag="653">
      <marc:subfield code="a">(VLB-WN)9250</marc:subfield>
   </marc:datafield>
   <marc:datafield ind1=" " ind2="7" tag="655">
      <marc:subfield code="0">(DE-101)1010718363</marc:subfield>
      <marc:subfield code="a">Kinderbücher bis 11 Jahre</marc:subfield>
      <marc:subfield code="2">gatbeg</marc:subfield>
   </marc:datafield>
   <marc:datafield ind1="1" ind2=" " tag="700">
      <marc:subfield code="0">(DE-588)1071989278</marc:subfield>
      <marc:subfield code="0">http://d-nb.info/gnd/1071989278</marc:subfield>
      <marc:subfield code="0">(DE-101)1071989278</marc:subfield>
      <marc:subfield code="a">Pliquet, Moritz</marc:subfield>
      <marc:subfield code="e">Erzähler</marc:subfield>
      <marc:subfield code="4">nrt</marc:subfield>
   </marc:datafield>
   <marc:datafield ind1="1" ind2=" " tag="700">
      <marc:subfield code="0">(DE-588)1071990497</marc:subfield>
      <marc:subfield code="0">http://d-nb.info/gnd/1071990497</marc:subfield>
      <marc:subfield code="0">(DE-101)1071990497</marc:subfield>
      <marc:subfield code="a">Buse, Pablo Ribet</marc:subfield>
      <marc:subfield code="e">Erzähler</marc:subfield>
      <marc:subfield code="4">nrt</marc:subfield>
   </marc:datafield>
   <marc:datafield ind1="1" ind2=" " tag="700">
      <marc:subfield code="0">(DE-588)1071989286</marc:subfield>
      <marc:subfield code="0">http://d-nb.info/gnd/1071989286</marc:subfield>
      <marc:subfield code="0">(DE-101)1071989286</marc:subfield>
      <marc:subfield code="a">Hackenberger, Karlo</marc:subfield>
      <marc:subfield code="e">Erzähler</marc:subfield>
      <marc:subfield code="4">nrt</marc:subfield>
   </marc:datafield>
   <marc:datafield ind1="1" ind2=" " tag="700">
      <marc:subfield code="0">(DE-588)160141060</marc:subfield>
      <marc:subfield code="0">http://d-nb.info/gnd/160141060</marc:subfield>
      <marc:subfield code="0">(DE-101)160141060</marc:subfield>
      <marc:subfield code="a">Ferch, Heino</marc:subfield>
      <marc:subfield code="e">Erzähler</marc:subfield>
      <marc:subfield code="4">nrt</marc:subfield>
   </marc:datafield>
   <marc:datafield ind1="1" ind2=" " tag="700">
      <marc:subfield code="0">(DE-588)1071989588</marc:subfield>
      <marc:subfield code="0">http://d-nb.info/gnd/1071989588</marc:subfield>
      <marc:subfield code="0">(DE-101)1071989588</marc:subfield>
      <marc:subfield code="a">Wilcke, Alexandra Marisa</marc:subfield>
      <marc:subfield code="e">Erzähler</marc:subfield>
      <marc:subfield code="4">nrt</marc:subfield>
   </marc:datafield>
   <marc:datafield ind1="1" ind2=" " tag="700">
      <marc:subfield code="0">(DE-588)1148193871</marc:subfield>
      <marc:subfield code="0">http://d-nb.info/gnd/1148193871</marc:subfield>
      <marc:subfield code="0">(DE-101)1148193871</marc:subfield>
      <marc:subfield code="a">Lau, Ulrike</marc:subfield>
      <marc:subfield code="e">Erzähler</marc:subfield>
      <marc:subfield code="4">nrt</marc:subfield>
   </marc:datafield>
   <marc:datafield ind1="1" ind2=" " tag="700">
      <marc:subfield code="0">(DE-588)132374315</marc:subfield>
      <marc:subfield code="0">http://d-nb.info/gnd/132374315</marc:subfield>
      <marc:subfield code="0">(DE-101)132374315</marc:subfield>
      <marc:subfield code="a">Winczewski, Patrick</marc:subfield>
      <marc:subfield code="e">Erzähler</marc:subfield>
      <marc:subfield code="4">nrt</marc:subfield>
   </marc:datafield>
   <marc:datafield ind1="1" ind2=" " tag="700">
      <marc:subfield code="0">(DE-588)1071706640</marc:subfield>
      <marc:subfield code="0">http://d-nb.info/gnd/1071706640</marc:subfield>
      <marc:subfield code="0">(DE-101)1071706640</marc:subfield>
      <marc:subfield code="a">Schenk, Frank-Otto</marc:subfield>
      <marc:subfield code="e">Erzähler</marc:subfield>
      <marc:subfield code="4">nrt</marc:subfield>
   </marc:datafield>
   <marc:datafield ind1="1" ind2=" " tag="700">
      <marc:subfield code="0">(DE-588)113837127</marc:subfield>
      <marc:subfield code="0">http://d-nb.info/gnd/113837127</marc:subfield>
      <marc:subfield code="0">(DE-101)113837127</marc:subfield>
      <marc:subfield code="a">Kaps, Joachim</marc:subfield>
      <marc:subfield code="e">Erzähler</marc:subfield>
      <marc:subfield code="4">nrt</marc:subfield>
   </marc:datafield>
   <marc:datafield ind1="1" ind2=" " tag="700">
      <marc:subfield code="0">(DE-588)102079013X</marc:subfield>
      <marc:subfield code="0">http://d-nb.info/gnd/102079013X</marc:subfield>
      <marc:subfield code="0">(DE-101)102079013X</marc:subfield>
      <marc:subfield code="a">Hohlbein, Hans</marc:subfield>
      <marc:subfield code="e">Erzähler</marc:subfield>
      <marc:subfield code="4">nrt</marc:subfield>
   </marc:datafield>
   <marc:datafield ind1="1" ind2=" " tag="700">
      <marc:subfield code="0">(DE-588)131521683</marc:subfield>
      <marc:subfield code="0">http://d-nb.info/gnd/131521683</marc:subfield>
      <marc:subfield code="0">(DE-101)131521683</marc:subfield>
      <marc:subfield code="a">Schnell, Lutz</marc:subfield>
      <marc:subfield code="e">Erzähler</marc:subfield>
      <marc:subfield code="4">nrt</marc:subfield>
   </marc:datafield>
   <marc:datafield ind1="1" ind2=" " tag="700">
      <marc:subfield code="0">(DE-588)128988665</marc:subfield>
      <marc:subfield code="0">http://d-nb.info/gnd/128988665</marc:subfield>
      <marc:subfield code="0">(DE-101)128988665</marc:subfield>
      <marc:subfield code="a">Pan, Michael</marc:subfield>
      <marc:subfield code="e">Erzähler</marc:subfield>
      <marc:subfield code="4">nrt</marc:subfield>
   </marc:datafield>
   <marc:datafield ind1="1" ind2=" " tag="700">
      <marc:subfield code="0">(DE-588)1033024392</marc:subfield>
      <marc:subfield code="0">http://d-nb.info/gnd/1033024392</marc:subfield>
      <marc:subfield code="0">(DE-101)1033024392</marc:subfield>
      <marc:subfield code="a">Völger, Bernhard</marc:subfield>
      <marc:subfield code="e">Erzähler</marc:subfield>
      <marc:subfield code="4">nrt</marc:subfield>
   </marc:datafield>
   <marc:datafield ind1="1" ind2=" " tag="700">
      <marc:subfield code="0">(DE-588)141560568</marc:subfield>
      <marc:subfield code="0">http://d-nb.info/gnd/141560568</marc:subfield>
      <marc:subfield code="0">(DE-101)141560568</marc:subfield>
      <marc:subfield code="a">Lunow, Luise</marc:subfield>
      <marc:subfield code="e">Erzähler</marc:subfield>
      <marc:subfield code="4">nrt</marc:subfield>
   </marc:datafield>
   <marc:datafield ind1="1" ind2=" " tag="700">
      <marc:subfield code="0">(DE-588)1041924607</marc:subfield>
      <marc:subfield code="0">http://d-nb.info/gnd/1041924607</marc:subfield>
      <marc:subfield code="0">(DE-101)1041924607</marc:subfield>
      <marc:subfield code="a">Reitzenstein, Anke</marc:subfield>
      <marc:subfield code="e">Erzähler</marc:subfield>
      <marc:subfield code="4">nrt</marc:subfield>
   </marc:datafield>
   <marc:datafield ind1="1" ind2=" " tag="700">
      <marc:subfield code="0">(DE-588)1022388304</marc:subfield>
      <marc:subfield code="0">http://d-nb.info/gnd/1022388304</marc:subfield>
      <marc:subfield code="0">(DE-101)1022388304</marc:subfield>
      <marc:subfield code="a">Reidies, Daniela</marc:subfield>
      <marc:subfield code="e">Erzähler</marc:subfield>
      <marc:subfield code="4">nrt</marc:subfield>
   </marc:datafield>
   <marc:datafield ind1="1" ind2=" " tag="700">
      <marc:subfield code="0">(DE-588)1071990853</marc:subfield>
      <marc:subfield code="0">http://d-nb.info/gnd/1071990853</marc:subfield>
      <marc:subfield code="0">(DE-101)1071990853</marc:subfield>
      <marc:subfield code="a">Groeger, Peter</marc:subfield>
      <marc:subfield code="e">Erzähler</marc:subfield>
      <marc:subfield code="4">nrt</marc:subfield>
   </marc:datafield>
   <marc:datafield ind1="1" ind2=" " tag="700">
      <marc:subfield code="0">(DE-588)137217560</marc:subfield>
      <marc:subfield code="0">http://d-nb.info/gnd/137217560</marc:subfield>
      <marc:subfield code="0">(DE-101)137217560</marc:subfield>
      <marc:subfield code="a">Kürten, Dina</marc:subfield>
      <marc:subfield code="e">Erzähler</marc:subfield>
      <marc:subfield code="4">nrt</marc:subfield>
   </marc:datafield>
   <marc:datafield ind1="1" ind2=" " tag="700">
      <marc:subfield code="0">(DE-588)1114366706</marc:subfield>
      <marc:subfield code="0">http://d-nb.info/gnd/1114366706</marc:subfield>
      <marc:subfield code="0">(DE-101)1114366706</marc:subfield>
      <marc:subfield code="a">Quander, Christin</marc:subfield>
      <marc:subfield code="e">Erzähler</marc:subfield>
      <marc:subfield code="4">nrt</marc:subfield>
   </marc:datafield>
   <marc:datafield ind1="1" ind2=" " tag="700">
      <marc:subfield code="0">(DE-588)1071990012</marc:subfield>
      <marc:subfield code="0">http://d-nb.info/gnd/1071990012</marc:subfield>
      <marc:subfield code="0">(DE-101)1071990012</marc:subfield>
      <marc:subfield code="a">Lopinski, Katharina</marc:subfield>
      <marc:subfield code="e">Erzähler</marc:subfield>
      <marc:subfield code="4">nrt</marc:subfield>
   </marc:datafield>
   <marc:datafield ind1="1" ind2=" " tag="700">
      <marc:subfield code="0">(DE-588)105466204</marc:subfield>
      <marc:subfield code="0">http://d-nb.info/gnd/105466204</marc:subfield>
      <marc:subfield code="0">(DE-101)105466204</marc:subfield>
      <marc:subfield code="a">Gauß, Helmut</marc:subfield>
      <marc:subfield code="e">Erzähler</marc:subfield>
      <marc:subfield code="4">nrt</marc:subfield>
   </marc:datafield>
   <marc:datafield ind1="1" ind2=" " tag="700">
      <marc:subfield code="0">(DE-588)113845243</marc:subfield>
      <marc:subfield code="0">http://d-nb.info/gnd/113845243</marc:subfield>
      <marc:subfield code="0">(DE-101)113845243</marc:subfield>
      <marc:subfield code="a">Scheunemann, Reinhard</marc:subfield>
      <marc:subfield code="e">Erzähler</marc:subfield>
      <marc:subfield code="4">nrt</marc:subfield>
   </marc:datafield>
   <marc:datafield ind1="1" ind2=" " tag="700">
      <marc:subfield code="0">(DE-588)1045858919</marc:subfield>
      <marc:subfield code="0">http://d-nb.info/gnd/1045858919</marc:subfield>
      <marc:subfield code="0">(DE-101)1045858919</marc:subfield>
      <marc:subfield code="a">Teltz, Vera</marc:subfield>
      <marc:subfield code="e">Erzähler</marc:subfield>
      <marc:subfield code="4">nrt</marc:subfield>
   </marc:datafield>
   <marc:datafield ind1="1" ind2=" " tag="700">
      <marc:subfield code="0">(DE-588)114819388X</marc:subfield>
      <marc:subfield code="0">http://d-nb.info/gnd/114819388X</marc:subfield>
      <marc:subfield code="0">(DE-101)114819388X</marc:subfield>
      <marc:subfield code="a">Eckhardt, Hans Eckart</marc:subfield>
      <marc:subfield code="e">Erzähler</marc:subfield>
      <marc:subfield code="4">nrt</marc:subfield>
   </marc:datafield>
   <marc:datafield ind1="1" ind2=" " tag="700">
      <marc:subfield code="0">(DE-588)1070422452</marc:subfield>
      <marc:subfield code="0">http://d-nb.info/gnd/1070422452</marc:subfield>
      <marc:subfield code="0">(DE-101)1070422452</marc:subfield>
      <marc:subfield code="a">Siebeck, Oliver</marc:subfield>
      <marc:subfield code="e">Erzähler</marc:subfield>
      <marc:subfield code="4">nrt</marc:subfield>
   </marc:datafield>
   <marc:datafield ind1="1" ind2=" " tag="700">
      <marc:subfield code="0">(DE-588)137883110</marc:subfield>
      <marc:subfield code="0">http://d-nb.info/gnd/137883110</marc:subfield>
      <marc:subfield code="0">(DE-101)137883110</marc:subfield>
      <marc:subfield code="a">Malzacher, Axel</marc:subfield>
      <marc:subfield code="e">Erzähler</marc:subfield>
      <marc:subfield code="4">nrt</marc:subfield>
   </marc:datafield>
   <marc:datafield ind1="0" ind2="8" tag="776">
      <marc:subfield code="i">Erscheint auch als</marc:subfield>
      <marc:subfield code="n">Tonträger-Ausgabe</marc:subfield>
      <marc:subfield code="z">4001504150105</marc:subfield>
   </marc:datafield>
   <marc:datafield ind1=" " ind2=" " tag="850">
      <marc:subfield code="a">DE-101a</marc:subfield>
      <marc:subfield code="a">DE-101b</marc:subfield>
   </marc:datafield>
   <marc:datafield ind1="4" ind2="0" tag="856">
      <marc:subfield code="u">http://nbn-resolving.de/urn:nbn:de:101:1-201712081860</marc:subfield>
      <marc:subfield code="x">Resolving-System</marc:subfield>
   </marc:datafield>
   <marc:datafield ind1=" " ind2="0" tag="856">
      <marc:subfield code="u">http://d-nb.info/1148071504/34</marc:subfield>
      <marc:subfield code="x">Langzeitarchivierung Nationalbibliothek</marc:subfield>
   </marc:datafield>
   <marc:datafield ind1="4" ind2=" " tag="856">
      <marc:subfield code="q">mp3</marc:subfield>
      <marc:subfield code="u">http://www.kiddinx-media.de</marc:subfield>
      <marc:subfield code="x">Verlag</marc:subfield>
   </marc:datafield>
   <marc:datafield ind1="1" ind2=" " tag="883">
      <marc:subfield code="8">1\p</marc:subfield>
      <marc:subfield code="a">Ablieferung ONIX</marc:subfield>
      <marc:subfield code="d">20171208</marc:subfield>
      <marc:subfield code="q">DE-101</marc:subfield>
   </marc:datafield>
   <marc:datafield ind1="r" ind2=" " tag="925">
      <marc:subfield code="a">ro</marc:subfield>
      <marc:subfield code="a">ra</marc:subfield>
   </marc:datafield>
   <marc:datafield ind1="1" ind2=" " tag="926">
      <marc:subfield code="a">YF</marc:subfield>
      <marc:subfield code="o">93</marc:subfield>
      <marc:subfield code="v">1.0</marc:subfield>
   </marc:datafield>
</marc:record>
